[Event "Mephisto-GM-Turnier"]
[Site "Altensteig"]
[Date "1993.??.??"]
[Round "3"]
[White "Zueger, Beat"]
[Black "Boensch, Uwe"]
[Result "1-0"]
[WhiteElo "2395"]
[BlackElo "2525"]

1.c4 e6 2.Nf3 d5 3.d4 Nf6 4.g3 Bb4+ 5.Bd2 Be7 6.Bg2 O-O 7.O-O Nbd7 8.Qc2 c6
9.Bg5 b6 10.Nbd2 Ba6 11.Rac1 b5 12.c5 b4 13.Rfe1 Bb5 14.e4 dxe4 15.Nxe4 Nxe4
16.Bxe7 Qxe7 17.Qxe4 a5 18.d5 cxd5 19.Qxd5 Qf6 20.Qd6 Rad8 21.Ne5 Nxe5 22.Qxe5 Rd2
23.Qxf6 gxf6 24.c6 Rxb2 25.c7 Ba6 26.Bf1 Bb7 27.Re2 Rxe2 28.Bxe2 a4 29.Bf3 Bc8
30.Rc4 Re8 31.Bc6 Re7 32.Bxa4 e5 33.f3 f5 34.Kf2 f6 35.Bc2 h5 36.h3 Rg7 37.Bd3 Kf8
38.Bxf5 Bxf5 39.c8=Q+ Bxc8 40.Rxc8+ Kf7 41.Rc7+ Kg6 42.Rxg7+ Kxg7 43.Ke3 h4
44.gxh4 f5 45.Kd3 Kg6 46.Kc4 Kh5 47.Kd5 e4 48.fxe4 f4 49.e5 f3 50.e6 f2 51.e7 f1=Q
52.e8=Q+ Kxh4 53.Qe6 Qd3+ 54.Kc5 Qc3+ 55.Kb5 Kg3 56.Qg4+ Kh2 57.Qe6 Kg3 58.Qb3 Kxh3
59.Ka4 Kg3 60.Qxb4 Qc6+ 61.Kb3 Qd5+ 62.Kb2 Qe5+ 63.Kb3 Qe6+ 64.Qc4 Qb6+ 65.Kc3 Qf6+
66.Qd4 Qc6+ 67.Kb4 Qb7+ 68.Kc3 Qc6+ 69.Kd3 Qa6+ 70.Qc4 Qg6+ 71.Kd2 Qg5+ 72.Kc2 Qf4
73.Kb3 Qb8+ 74.Qb4 Qg8+ 75.Kb2 Kh2 76.a4 Qg2+ 77.Kb3 Qd5+ 78.Qc4 Qb7+ 79.Ka3 Qf3+
80.Qb3 Qf8+ 81.Ka2 Qd8 82.Qc3 Qd5+ 83.Ka3 Qd6+ 84.Kb2 Qb6+ 85.Ka1 Qg1+ 86.Ka2 Qg8+
87.Kb2 Qb8+ 88.Kc1 Qa8 89.a5 Qh1+ 90.Kb2 Qb7+ 91.Qb3 Qa6 92.Qb8+ Kh3 93.Qh8+ Kg4
94.Qe5 Kh4 95.Qd4+ Kh3 96.Qd5 Kg3 97.Kc3 Qf6+ 98.Qd4 Qc6+ 99.Qc4 Qf6+ 100.Kb3 Qd6
101.Kc2 Qf8 102.a6 Qf2+ 103.Kb3 Qb6+ 104.Ka4 Kh2 105.Qb5 Qd4+ 106.Qb4 Qd7+
107.Ka5 Qd8+ 108.Qb6 Qd5+ 109.Kb4 Qe4+ 110.Kc5 Qe5+ 111.Kc6 Qe4+ 112.Kd7 Qh7+
113.Kc8 Qf5+ 114.Kb7 Qe4+ 115.Ka7 Qd5 116.Qb7 Qc5+ 117.Ka8 Kh3 118.Qd7+ Kh4
119.Qd8+ Kh3 120.Qd3+ Kh4 121.Kb7 Qe7+ 122.Kb6 Qe6+ 123.Kc5 Qe5+ 124.Qd5 Qe7+
125.Kc4 Qe2+ 126.Qd3 Qa2+ 127.Kb5 Qb2+ 128.Kc4 Qc1+ 129.Kb3 Qh6 130.Qd4+ Kh3
131.a7 Qe6+ 132.Kb2 Qe2+ 133.Ka3 Qa6+ 134.Kb4 Qb7+ 135.Kc3 Qc6+ 136.Qc4 Qf6+
137.Qd4 Qc6+ 138.Kd3 Qg6+ 139.Ke2 Qc2+ 140.Qd2 Qc6 141.Qe3+ Kg4 142.Qd4+ Kg3
143.Qg7+ Kf4 144.Qf8+ Ke5 145.a8=Q Qc2+ 146.Kf3 Qd3+ 147.Kg4 Qg6+ 148.Kh4 Qh7+
149.Kg5 Qf5+ 150.Qxf5+  1-0

[Event "Andorra op"]
[Site "Andorra"]
[Date "1993.??.??"]
[Round "9"]
[White "Moskalenko, Viktor"]
[Black "Flear, Glenn C"]
[Result "1-0"]
[WhiteElo "2555"]
[BlackElo "2500"]

1.c4 e6 2.Nf3 d5 3.b3 Nf6 4.g3 Be7 5.Bg2 O-O 6.O-O c5 7.Bb2 Nc6 8.d3 d4 9.e3 e5
10.exd4 exd4 11.Na3 Bf5 12.Nc2 a5 13.a3 Qb6 14.Rb1 Qxb3 15.Nfe1 Qa4 16.Bc1 Nd8
17.Nf3 Qd7 18.Re1 Re8 19.Rb5 Bd6 20.Bg5 Rxe1+ 21.Ncxe1 Qe6 22.Qd2 a4 23.Nh4 h6
24.Bxf6 Qxf6 25.Nxf5 Qxf5 26.Nf3 Qd7 27.Qb2 Rb8 28.Nd2 Be7 29.Bd5 Qc7 30.Qc2 Ra8
31.Qb1 Rb8 32.Qd1 Ra8 33.Ne4 Ra6 34.Qb1 b6 35.Rb2 Nb7 36.Re2 Nd6 37.Nxd6 Bxd6
38.Qb5 Ra7 39.Qe8+ Bf8 40.h4 g6 41.Re6 Kg7 42.Rc6 Qe7 43.Qb8 Rd7 44.Rxb6 Rd6
45.Rxd6 Qxd6 46.Qa7 Qe7 47.Qxa4 f5 48.Kg2 f4 49.Be4 fxg3 50.fxg3 Qe6 51.Qa7+ Be7
52.a4 h5 53.Qc7 Kh6 54.a5 Bd6 55.Qd8 Qe5 56.Kf1 Kg7 57.Qg5 Qxg3 58.a6 Qh3+
59.Ke2 Qh2+ 60.Kd1 Bf4 61.Qxg6+ Kf8 62.Qg2  1-0

[Event "Arandjelovac"]
[Site "Arandjelovac"]
[Date "1993.??.??"]
[Round "1"]
[White "Ivanov, Jordan"]
[Black "Kosic, Dragan"]
[Result "1/2-1/2"]
[WhiteElo "2420"]
[BlackElo "2455"]

1.c4 e6 2.Nf3 d5 3.d4 c5 4.e3 Nf6 5.Nc3 Nc6 6.a3 a6 7.dxc5 Bxc5 8.b4 Be7
9.Bb2 O-O 10.Qc2 Qc7 11.cxd5 exd5 12.Be2 Rd8 13.O-O Bg4 14.Rac1 Rac8 15.Na4 Ne4
16.Ne5 Bf5 17.Qd1 Qd6 18.Nxc6 Rxc6 19.f3 Rxc1 20.Bxc1 Nf6 21.Bd3 Bxd3 22.Qxd3 d4
23.e4 Qc6 24.Nb2 Qc3 25.Rd1 Rc8 26.Qxc3 dxc3 27.Nd3 Nd7 28.Ne1 Nb6 29.Nc2 Kf8
30.Kf1 a5 31.bxa5 Nc4 32.Rd5 Bd8 33.Ke2 Nxa5 34.Be3 b6 35.Rb5 Nc4 36.Bd4 Nxa3
37.Nxa3 c2 38.Nxc2 Rxc2+ 39.Kf1 Rc1+ 40.Kf2 Rc2+ 41.Kg3 Bc7+ 42.f4 Rc4  1/2-1/2

[Event "Arandjelovac"]
[Site "Arandjelovac"]
[Date "1993.??.??"]
[Round "1"]
[White "Cvetkovic, Srdjan"]
[Black "Miladinovic, Igor"]
[Result "1/2-1/2"]
[WhiteElo "2500"]
[BlackElo "2440"]

1.c4 e6 2.Nf3 d5 3.d4 Nf6 4.Bg5 Be7 5.Nc3 O-O 6.e3 h6 7.Bh4 Ne4 8.Bxe7 Qxe7
9.Qc2 Nxc3 10.Qxc3 dxc4 11.Bxc4 Nd7 12.O-O c6 13.Be2 Re8 14.Rfd1 c5 15.Bb5 cxd4
16.Qxd4 e5 17.Qc3 e4 18.Nd4 Qe5 19.Rac1 a6 20.Bxd7 Bxd7 21.Qc7 Bg4 22.Qxe5 Rxe5
23.Rd2 Re7 24.h3 Be6 25.Nxe6 Rxe6 26.Rc7 b5 27.Rdd7 Rf8 28.g4 Rg6 29.Kf1 f5
30.gxf5 Rxf5 31.Re7 Rh5 32.Rxe4 Rxh3  1/2-1/2

[Event "Arandjelovac"]
[Site "Arandjelovac"]
[Date "1993.??.??"]
[Round "6"]
[White "Cvetkovic, Srdjan"]
[Black "Makarov, Marat"]
[Result "1-0"]
[WhiteElo "2500"]
[BlackElo "2515"]

1.c4 e6 2.Nf3 d5 3.d4 c6 4.Qc2 Nf6 5.g3 dxc4 6.Qxc4 b5 7.Qc2 Bb7 8.Bg2 Nbd7
9.Nc3 c5 10.O-O Qb6 11.Be3 Ng4 12.dxc5 Nxe3 13.cxb6 Nxc2 14.Rac1 a6 15.Ne5 Nxe5
16.Bxb7 Rb8 17.Bxa6 Nd4 18.b7 Nd7 19.Rfd1 Nc5 20.Rxd4 Nxa6 21.Nxb5 Rxb7 22.Rc8+ Ke7
23.a4 f5 24.b4 g6 25.Ra8 Nb8 26.Rc4 Bg7 27.Na7 Rd8 28.a5 Rd4 29.Rc8 Rdxb4
30.Rcxb8 Rxb8 31.Nc6+ Kd6 32.Nxb8 Rb5 33.a6 Bd4 34.a7 Rb7 35.Nc6 Bxa7 36.Nxa7 Kd7
37.Rh8 Kd6 38.Nc8+ Ke5 39.Kg2 Rb8 40.Rg8 g5 41.Ne7 Rb7 42.Nc6+ Kd5 43.Na5  1-0

[Event "Arandjelovac"]
[Site "Arandjelovac"]
[Date "1993.??.??"]
[Round "11"]
[White "Cabrilo, Goran"]
[Black "Makarov, Marat"]
[Result "0-1"]
[WhiteElo "2530"]
[BlackElo "2515"]

1.c4 e6 2.Nf3 d5 3.b3 Nf6 4.g3 Be7 5.Bg2 O-O 6.O-O c5 7.e3 Nc6 8.Bb2 d4 9.exd4 cxd4
10.Re1 Ne8 11.d3 f6 12.a3 a5 13.Nbd2 e5 14.Rc1 Nc7 15.c5 Na6 16.Ne4 Be6 17.Nfd2 Bd5
18.Nc4 Bxe4 19.Bxe4 Nxc5 20.Bg2 Rc8 21.Qc2 b5 22.Nd2 Na7 23.Bh3 Rc7 24.Ne4 Kh8
25.Nxc5 Rxc5 26.Qd2 Rxc1 27.Rxc1 Bd6 28.Rc2 Qb6 29.Qc1 Rf7 30.Bf5 Rc7 31.Rxc7 Qxc7
32.Qd1 g6 33.Be4 Nc8 34.h4 Ne7 35.h5 Kg7 36.Bg2 Qc8 37.Bc1 g5 38.Bd2 b4 39.a4 h6
40.g4 f5 41.gxf5 Qxf5 42.Be4 Qe6 43.Qf3 Ng8 44.Bd5 Qe8 45.Qf5 Nf6 46.Bf3 Qf7
47.Kg2 Nd7 48.Qe4 Nc5 49.Qa8 Qd7 50.Qd5 Qe6 51.Qa8 e4 52.Bxe4 Nxb3 53.Be1 Nc5
54.Bd5 Qg4+ 55.Kf1 Qh3+ 56.Kg1 Bh2+ 57.Kh1 Bf4+ 58.Kg1 Bh2+ 59.Kh1 Bb8+ 60.Kg1 Qh2+
61.Kf1 Qh3+ 62.Kg1 Nd7 63.Qb7 Bh2+ 64.Kh1 Bb8+ 65.Kg1 Bh2+ 66.Kh1 Bc7+ 67.Kg1 Qh2+
68.Kf1 Nf6 69.Bf3 Qh3+ 70.Kg1 Qd7 71.Bd2 Bf4  0-1

[Event "Arandjelovac"]
[Site "Arandjelovac"]
[Date "1993.??.??"]
[Round "12"]
[White "Zontakh, Andrey"]
[Black "Miladinovic, Igor"]
[Result "1/2-1/2"]
[WhiteElo "2455"]
[BlackElo "2440"]

1.c4 e6 2.Nf3 d5 3.d4 Nf6 4.Nc3 Be7 5.Bg5 O-O 6.e3 h6 7.Bh4 Ne4 8.Bxe7 Qxe7
9.Rc1 Nxc3 10.Rxc3 c6 11.Bd3 Nd7 12.O-O dxc4 13.Bxc4 e5 14.Bb3 exd4  1/2-1/2

[Event "AUT-chT2S 9293"]
[Site "AUT"]
[Date "1993.??.??"]
[Round "?"]
[White "Horvath, Gyula"]
[Black "Rabiega, Robert"]
[Result "0-1"]
[WhiteElo "2445"]
[BlackElo "2420"]

1.c4 e6 2.Nf3 d5 3.g3 Nf6 4.Bg2 dxc4 5.Qa4+ c6 6.Qxc4 b5 7.Qc2 Bb7 8.d4 Be7
9.O-O Nbd7 10.Bf4 O-O 11.Nc3 Qb6 12.e4 c5 13.e5 Nd5 14.Nxd5 Bxd5 15.Bg5 Qd8
16.Bxe7 Qxe7 17.dxc5 Nxc5 18.Rfc1 Na4 19.b3 Nb6 20.Qc7 Qa3 21.Qc5 b4 22.Qe3 Rac8
23.Qd2 h6 24.Nd4 Bxg2 25.Kxg2 Rfd8 26.Rxc8 Rxc8 27.Nb5 Qa5 28.Nd6 Rc7 29.Qd4 Qc5
30.Rd1 a5 31.Qh4 Qc6+ 32.Kh3 Qc2 33.Qg4 Kf8 34.Qd4 Rc5 35.Nc4 Rd5 36.Qxb6 Qxd1
37.Ne3 Qh5+ 38.Kg2 Qxe5 39.Nxd5 Qxd5+ 40.Kg1 Qd1+ 41.Kg2 Qd5+ 42.Kg1 g5 43.h3 Kg7
44.Qc7 a4 45.bxa4 Qxa2 46.a5 Qa1+ 47.Kg2 b3 48.Qb6 e5 49.Qxb3 Qxa5 50.Qb7 Qc5
51.g4 Qd4 52.Qe7 e4 53.Kg1 Qd1+ 54.Kg2 Qf3+ 55.Kg1 Kg6 56.Qe8 Qd1+ 57.Kg2 Qd5
58.Kg1 Qe6 59.Qg8+ Kf6 60.Qh8+ Ke7 61.Qd4 f6 62.Kf1 Kf7 63.Kg2 Kg6 64.Qa7 f5
65.gxf5+ Qxf5 66.Qb6+ Kh5 67.Kg3 Qe5+ 68.Kg2 Qf4 69.Qe6 Qf3+ 70.Kf1 g4 71.hxg4+ Qxg4
72.Qf7+ Kh4 73.Qf6+ Qg5 74.Qe6 Qf4 75.Ke1 h5 76.Qc8 Qg4 77.Qc3 Qf3 78.Qc8 Qg4
79.Qc3 Qf4 80.Qc8 Qf3 81.Qe6 Qf4 82.Qc8 Qf3 83.Qe6 Qg4 84.Qb3 Qh3 85.Qg8 Qc3+
86.Kf1 Qc1+ 87.Ke2 Qc2+ 88.Ke1 Qc3+ 89.Kf1 Qf3 90.Ke1 Kh3 91.Qg5 Qg4 92.Qb5 h4
93.Qc4 Kh2 94.Qc2 Kg1 95.Qc4 Qg2  0-1

[Event "Avoine Ronde op"]
[Site "Avoine"]
[Date "1993.??.??"]
[Round "?"]
[White "Przewoznik, Jan"]
[Black "Mancini, Mario"]
[Result "1/2-1/2"]
[WhiteElo "2430"]
[BlackElo "2250"]

1.c4 e6 2.Nf3 d5 3.b3 Nf6 4.Bb2 Be7 5.g3 O-O 6.Bg2 b6 7.O-O Bb7 8.e3 c5 9.Nc3 Nc6
10.cxd5 Nxd5 11.Nxd5 Qxd5 12.d4 Na5 13.e4 Qd8 14.Qe2 Rc8 15.dxc5 Bxc5 16.Rac1 Qe7
17.h4 Rfd8 18.Rfd1 Nc6 19.h5 h6 20.Ne5 Nxe5 21.Bxe5 Rxd1+ 22.Rxd1 Rd8 23.Rc1 Bd6
24.Bb2 Bc5 25.Be5 Bd6 26.Bxd6 Qxd6 27.e5 Qd7 28.Bxb7 Qxb7 29.Rc4 Qd5 30.a4 a6
31.Rb4 Qc5 32.Re4 Qc1+ 33.Kg2 Qc6 34.Qc4 Qb7 35.f3 b5 36.Qb4 Rd5 37.a5 Qc7
38.Kh3 Rxe5 39.Rxe5 Qxe5 40.g4 Qd5 41.Kg2 e5 42.Kg3 Qd3 43.Qc5 Qe2  1/2-1/2

[Event "Avoine Ronde op"]
[Site "Avoine"]
[Date "1993.??.??"]
[Round "?"]
[White "Dunnington, Angus J"]
[Black "Flear, Christine"]
[Result "1-0"]
[WhiteElo "2415"]
[BlackElo "2170"]

1.c4 e6 2.Nf3 d5 3.d4 c6 4.Nbd2 Nf6 5.g3 Be7 6.Bg2 O-O 7.O-O Nbd7 8.b3 b6
9.Bb2 Ba6 10.Re1 Rc8 11.e4 c5 12.e5 Ne8 13.cxd5 exd5 14.Nf1 cxd4 15.Qxd4 Nc5
16.Rad1 Nc7 17.Ne3 Nd3 18.Rxd3 Ne6 19.Qg4 Bxd3 20.Nd4 Nxd4 21.Qxd4 Be4 22.Bxe4 dxe4
23.Qxe4 Bc5 24.Nf5 Re8 25.Qg4 g6 26.Rd1 Qc7 27.Nh6+ Kf8 28.Rd7 Bxf2+ 29.Kf1 Bc5
30.Rxc7 Rxc7 31.Qf4 Re6 32.b4  1-0

[Event "Wch Seniors"]
[Site "Bad Wildbad"]
[Date "1993.??.??"]
[Round "5"]
[White "Gurgenidze, Bukhuti"]
[Black "Khasin, Abram"]
[Result "1-0"]
[WhiteElo "2370"]
[BlackElo "2390"]

1.c4 e6 2.Nf3 d5 3.g3 Nf6 4.Bg2 Be7 5.O-O O-O 6.d4 dxc4 7.Na3 Bxa3 8.bxa3 Nc6
9.Bb2 Rb8 10.Qc2 b5 11.Rfd1 Bb7 12.a4 Nb4 13.Qc1 bxa4 14.a3 Nbd5 15.Qxc4 Nb6
16.Qc2 Be4 17.Qc1 Qd5 18.Bc3 a5 19.Bf1 Bxf3 20.exf3 Qxf3 21.Bxa5 Nbd5 22.Qc2 Rb3
23.Be2 Qe4 24.Bd3 Qg4 25.Bc4 Rbb8 26.Be2 Qf5 27.Qxf5 exf5 28.Rdc1 Rb2 29.Bd1 Ne4
30.Be1 Ra8 31.Rc4 Ra6 32.Rxa4 Rxa4 33.Bxa4  1-0

[Event "Wch Seniors"]
[Site "Bad Wildbad"]
[Date "1993.??.??"]
[Round "11"]
[White "Stoliar, Efim Samoilovich"]
[Black "Onat, Ilhan"]
[Result "1/2-1/2"]
[WhiteElo "2385"]
[BlackElo "2350"]

1.c4 e6 2.Nf3 d5 3.e3 Nf6 4.b3 Be7 5.Bb2 O-O 6.Be2 c5 7.O-O Nc6 8.d4 cxd4
9.exd4 b6 10.Nbd2 Bb7 11.Rc1 Rc8 12.a3 Ne4 13.Bd3 Nxd2 14.Qxd2 Na5 15.Qd1 Bf6
16.Ne5 Bxe5 17.dxe5 dxc4 18.bxc4 Ba6 19.Qe2 g6 20.Rc3 Qh4 21.c5 Bxd3 22.Qxd3 Rxc5
23.Rxc5 bxc5 24.Qb5 Nc4 25.Bc3 Nb6 26.Qxc5 Rc8 27.Qd4 Qxd4 28.Bxd4 Rc4 29.Bxb6 axb6
30.Rb1 b5 31.g3 Rc5 32.f4 g5 33.fxg5 Rxe5 34.h4 Kg7 35.Kf2 Kg6 36.Rb4 Rc5
37.a4  1/2-1/2

[Event "Baden-Baden op"]
[Site "Baden-Baden"]
[Date "1993.??.??"]
[Round "3"]
[White "Mandl, Robert"]
[Black "Gerstner, Wolfgang"]
[Result "1/2-1/2"]
[WhiteElo "2420"]
[BlackElo "2355"]

1.c4 e6 2.Nf3 d5 3.g3 c6 4.Qc2 Nf6 5.Bg2 Bd6 6.O-O O-O 7.b3 e5 8.cxd5 cxd5
9.Ba3 Nc6 10.Qb2 Re8 11.Bxd6 Qxd6 12.Rc1 Bg4 13.d3 e4 14.dxe4 dxe4 15.Ne1 e3
16.f3 Bf5 17.Na3 Rad8 18.Bf1 h5 19.Ng2 Bh3 20.Nc4 Qc5 21.b4 Nxb4 22.Ncxe3 Qb6
23.Kh1 Nbd5 24.Qxb6 Nxb6 25.a4 Rd2 26.Rc2 Rxc2 27.Nxc2 Rc8 28.Nce3 a5 29.Kg1 Rc7
30.Nf4 Bd7 31.Rb1 Nxa4 32.Ned5 Nxd5 33.Nxd5 Rc5 34.e4 b5 35.Kf2 b4 36.Rd1 Be6
37.Nf4 b3 38.Rd8+ Kh7 39.Nxe6 fxe6 40.f4 e5 41.Rb8 b2 42.Bd3 Kg6 43.Ke3 Rc1
44.Kd2 Rh1 45.h4 Rh2+ 46.Ke3 Nc5 47.Be2 exf4+ 48.gxf4 Na4 49.Bd3 Nc3 50.Kd4 Ne2+
51.Ke5 Nc1 52.Bc4 Rxh4 53.Rxb2 Rh3 54.Rb7 Nd3+ 55.Bxd3 Rxd3 56.f5+ Kh6 57.Rb6+ Kh7
58.Ra6 Ra3 59.Ra7 Kh6 60.Ra6+ Kh7  1/2-1/2

[Event "Balatonfuzfo"]
[Site "Balatonfuzfo"]
[Date "1993.??.??"]
[Round "4"]
[White "Fancsy, Imre"]
[Black "Kurucsai, Istvan"]
[Result "1-0"]
[WhiteElo "2300"]
[BlackElo "2240"]

1.c4 e6 2.Nf3 d5 3.g3 b6 4.Bg2 Bb7 5.cxd5 Bxd5 6.Nc3 Bb7 7.d4 Nf6 8.O-O Be7
9.Qc2 c5 10.Rd1 Nbd7 11.e4 cxd4 12.Nxd4 O-O 13.e5 Nd5 14.Nxd5 exd5 15.Nc6 Bxc6
16.Qxc6 Rc8 17.Qxd5 Nxe5 18.Qb3 Qe8 19.Rd5 Bc5 20.Be3 Nd7 21.Re1 Nf6 22.Bd2 Qc6
23.Rd3 Bxf2+ 24.Kxf2 Ng4+ 25.Kg1 Qc5+ 26.Be3 Qa5 27.Rf1 Rce8 28.h3 Nxe3 29.Rxe3 Qc5
30.Re1 Re6 31.Kh2  1-0

[Event "Benasque op"]
[Site "Benasque"]
[Date "1993.??.??"]
[Round "4"]
[White "Moskalenko, Viktor"]
[Black "Hoffman, Alejandro"]
[Result "1/2-1/2"]
[WhiteElo "2555"]
[BlackElo "2440"]

1.c4 e6 2.Nf3 d5 3.d4 Nf6 4.Nc3 Be7 5.Bg5 O-O 6.e3 Nbd7 7.Qc2 c5 8.O-O-O cxd4
9.exd4 h6 10.Bxf6 Nxf6 11.Kb1 Bb4 12.c5 Bd7 13.Ne5 Bxc3 14.Qxc3 a5 15.Bd3 Bc6
16.Rde1 Qc7 17.g4 Nd7 18.h4 Nxe5 19.Rxe5 Rae8 20.g5 f6 21.gxf6 Rxf6 22.Qe1 b6
23.Rg1 bxc5 24.dxc5 Bd7 25.Qc3 Re7 26.Rg2 Ref7 27.Bg6 Rf8 28.Re1 Bc8 29.Reg1 e5
30.Bc2 R8f7 31.Qd3 Qxc5 32.Qh7+ Kf8 33.Qh8+ Ke7 34.Rxg7 Be6 35.R1g6 Rxf2
36.Rxe6+ Kxe6 37.Qe8+ Kd6 38.Qd8+ Ke6 39.Qe8+ Kd6 40.Qd8+ Ke6  1/2-1/2

[Event "Berliner Sommer"]
[Site "Berlin"]
[Date "1993.??.??"]
[Round "2"]
[White "Sokolov, Andrei"]
[Black "Thesing, Matthias"]
[Result "1-0"]
[WhiteElo "2495"]
[BlackElo "2385"]

1.c4 e6 2.Nf3 d5 3.e3 Nf6 4.b3 c5 5.Bb2 Nc6 6.g3 Be7 7.Bg2 O-O 8.O-O b6 9.Nc3 dxc4
10.bxc4 Bb7 11.Qe2 Rc8 12.Rad1 Na5 13.d3 Nd7 14.Nd2 Bxg2 15.Kxg2 Qc7 16.f4 a6
17.a4 Qc6+ 18.Kg1 Rfe8 19.g4 Nb7 20.Qf3 Qxf3 21.Nxf3 Rcd8 22.Kf2 Na5 23.Ke2 Nc6
24.g5 Nb4 25.h4 Nb8 26.Ne4 Nd7 27.Rg1 Kf8 28.h5 Ra8 29.g6 fxg6 30.Nfg5 Bxg5
31.Nxg5 Ke7 32.Nxh7 gxh5 33.Rxg7+ Kd6 34.Ng5 Rg8 35.Rh7 e5 36.Nf7+ Ke6 37.Ng5+ Kd6
38.fxe5+ Nxe5 39.Ne4+ Ke6 40.Bxe5 Kxe5 41.Re7+ Kf5 42.Rf1+ Kg6 43.Rf6+  1-0

[Event "Bern op"]
[Site "Bern"]
[Date "1993.??.??"]
[Round "3"]
[White "Steinbacher, Matthias"]
[Black "Novikov, Igor A"]
[Result "0-1"]
[WhiteElo "2295"]
[BlackElo "2540"]

1.c4 e6 2.Nf3 d5 3.d4 Nf6 4.Nc3 c6 5.cxd5 exd5 6.Bg5 h6 7.Bh4 Bf5 8.e3 Nbd7
9.Bd3 Bxd3 10.Qxd3 Bd6 11.O-O-O Qa5 12.Kb1 O-O-O 13.Bxf6 Nxf6 14.Nd2 Rhe8
15.f3 Qc7 16.e4 dxe4 17.fxe4 Bb4 18.e5 Ng4 19.Rhf1 Qxe5 20.Nc4 Qh5 21.h3 Nf6
22.Rf5 Rxd4 23.Qxd4 Qxf5+ 24.Ka1 Bc5 25.Na4 Bxd4 26.Nd6+ Kc7 27.Nxf5 c5 28.Nxg7 Re5
29.g4 Nd5 30.Rc1 Ne3 31.Kb1 Kc6 32.Nc3 b5 33.Ne2 Kd5 34.Nh5 Nc4 35.Nhf4+ Ke4
36.Nxd4 cxd4 37.Nh5 d3 38.Re1+ Ne3 39.Ng3+ Kf3  0-1

[Event "Bern op"]
[Site "Bern"]
[Date "1993.??.??"]
[Round "8"]
[White "Blees, Albert"]
[Black "Flear, Glenn C"]
[Result "0-1"]
[WhiteElo "2405"]
[BlackElo "2510"]

1.c4 e6 2.Nf3 d5 3.d4 c6 4.Qc2 Nf6 5.Bf4 dxc4 6.Qxc4 b5 7.Qc2 Bb7 8.g3 Nbd7
9.Bg2 c5 10.O-O Rc8 11.Rd1 cxd4 12.Qb3 Qb6 13.a4 b4 14.a5 Qa6 15.Bf1 Bc5
16.Nbd2 O-O 17.Qa4 Bc6 18.Qb3 Bb5 19.Re1 h6 20.Qa2 g5 21.Be5 g4 22.Bxf6 gxf3
23.Bh4 fxe2 24.Bh3 d3 25.Qb3 Qd6 26.g4 Qf4  0-1

[Event "Bratislava op"]
[Site "Bratislava"]
[Date "1993.??.??"]
[Round "4"]
[White "Contin, Daniel"]
[Black "Chernikov, Oleg L"]
[Result "1-0"]
[WhiteElo "2385"]
[BlackElo "2395"]

1.c4 e6 2.Nf3 d5 3.b3 Nf6 4.g3 Be7 5.Bg2 O-O 6.O-O d4 7.e3 c5 8.exd4 cxd4
9.d3 Nc6 10.Qe2 Ne8 11.Na3 f6 12.Nc2 Nc7 13.a3 a5 14.Rb1 Rb8 15.Nd2 Na6 16.Bb2 e5
17.f4 exf4 18.gxf4 Bc5 19.Bd5+ Kh8 20.f5 Ne7 21.Be6 Bxe6 22.fxe6 b5 23.Nf3 bxc4
24.bxc4 Nc6 25.Qe4 Qd6 26.Kg2 Nc7 27.Rfe1 f5 28.Qe2 Rbe8 29.Ng5 h6 30.Qh5 Ne5
31.Rxe5 Qxe5 32.Nf7+ Rxf7 33.exf7 Qe2+ 34.Qxe2 Rxe2+ 35.Kf1 Rxc2 36.Bxd4 Bf8
37.Rb8 Ne6 38.Re8 Rc1+ 39.Kf2 Rc2+ 40.Ke1 Nxd4 41.Rxf8+ Kh7 42.Re8 Rc1+ 43.Kf2  1-0

[Event "Bratislava op"]
[Site "Bratislava"]
[Date "1993.??.??"]
[Round "8"]
[White "Contin, Daniel"]
[Black "Kalinin, Oleg"]
[Result "1-0"]
[WhiteElo "2385"]
[BlackElo "2420"]

1.c4 e6 2.Nf3 d5 3.b3 Nf6 4.g3 b6 5.Bg2 Bb7 6.O-O Be7 7.Bb2 O-O 8.e3 dxc4
9.bxc4 c5 10.d3 Nc6 11.Qe2 Qc7 12.Nc3 a6 13.Rab1 Rfd8 14.Rfd1 Rab8 15.Ba1 Ne8
16.Ne4 Ba8 17.Rbc1 Rd7 18.d4 Rbd8 19.Bh3 Na5 20.d5 b5 21.Ne5 Nxc4 22.Nxf7 Bxd5
23.Nxd8 Qxd8 24.Nc3 Nc7 25.Nxd5 Rxd5 26.e4 Rd6 27.Rxd6 Bxd6 28.Rd1 Qg5 29.Qg4 Qh6
30.Bf1 Ne5 31.Qe2 Nf7 32.e5 Bf8 33.Rd7 Nd5 34.h4 c4 35.Rxd5 exd5 36.e6 Qc1
37.e7 Bxe7 38.Qxe7 h6 39.Bd4 Qd1 40.Bc5 Nh8 41.Kh2  1-0

[Event "Bruchkoebel MT"]
[Site "Bruchkoebel"]
[Date "1993.??.??"]
[Round "5"]
[White "Reschke, Thomas"]
[Black "Lisanti, Andre"]
[Result "1/2-1/2"]
[WhiteElo "2180"]
[BlackElo "2330"]

1.c4 e6 2.Nf3 d5 3.b3 Be7 4.Bb2 Nf6 5.g3 O-O 6.Bg2 b6 7.O-O Bb7 8.d3 c5 9.e3 Nfd7
10.Nc3 f5 11.cxd5 exd5 12.d4 Nf6 13.Rc1 Ne4 14.dxc5 bxc5 15.Na4 Nd7 16.Nd2 Rc8
17.Nxe4 fxe4 18.Bh3 Kh8 19.Bxg7+ Kxg7 20.Qg4+ Kh8 21.Qxd7 Qxd7 22.Bxd7 Rcd8
23.Bb5 c4 24.Nb2 Ba3 25.Rc2 a6 26.Ba4 c3 27.Nd1 Bb4 28.Nxc3 Rc8 29.Rfc1 Ba3
30.Rd1 Bb4  1/2-1/2

[Event "Elekes mem"]
[Site "Budapest"]
[Date "1993.??.??"]
[Round "1"]
[White "Contin, Daniel"]
[Black "Lukacs, Peter"]
[Result "1/2-1/2"]
[WhiteElo "2395"]
[BlackElo "2480"]

1.c4 e6 2.Nf3 d5 3.b3 a5 4.g3 a4 5.Na3 axb3 6.axb3 Nf6 7.Bb2 Be7 8.Nc2 Rxa1
9.Qxa1 O-O 10.Bg2 b6 11.O-O Bb7 12.Ne5 Na6 13.d3 Qc8 14.f4 c5 15.e3 Rd8 16.Bh3 Ne8
17.f5 f6 18.fxe6 dxc4 19.Qd1 g6 20.bxc4 fxe5 21.Bxe5 Qc6 22.e4 Bc8 23.Rf7 Qxe4
24.Qf1 Qxe5 25.Rf8+ Kg7 26.Qf7+ Kh6 27.Qxe7  1/2-1/2

[Event "Spring op"]
[Site "Budapest"]
[Date "1993.??.??"]
[Round "3"]
[White "Wiedner, Robert"]
[Black "Almasi, Istvan"]
[Result "0-1"]
[WhiteElo "2255"]
[BlackElo "2385"]

1.c4 e6 2.Nf3 d5 3.e3 Be7 4.b3 Bf6 5.Nc3 Ne7 6.Bb2 c5 7.cxd5 exd5 8.d4 cxd4
9.Nxd4 Nbc6 10.Na4 O-O 11.Be2 Nxd4 12.Bxd4 Qa5+ 13.Nc3 Bxd4 14.Qxd4 Nc6 15.Qd2 Be6
16.Nb5 Qb6 17.O-O a6 18.Nd4 Nxd4 19.exd4 Rac8 20.Rac1 a5 21.Bd3 g6 22.Qf4 Qb4
23.h4 Qe7 24.Rce1 h5 25.Re3 Kg7 26.Rfe1 Qf6 27.Qg3 Rfe8 28.Re5 Bd7 29.R1e3 Rxe5
30.dxe5 Qe6 31.Qf4 Re8 32.Qd4 Qg4 33.Qxg4 Bxg4 34.f3 Be6 35.Re2 Rc8 36.Rc2 Rxc2
37.Bxc2 f6 38.exf6+ Kxf6 39.Kf2 d4 40.Be4 b5 41.Ke2 Bf5 42.Bxf5 gxf5 43.f4 Ke6
44.a3 Kd5 45.Kd3 Kc5 46.a4 bxa4 47.bxa4 Kd5  0-1

[Event "Budapest FS04 IM"]
[Site "Budapest"]
[Date "1993.??.??"]
[Round "7"]
[White "Fancsy, Imre"]
[Black "Dambrauskas, Virginijus"]
[Result "1/2-1/2"]
[WhiteElo "2300"]
[BlackElo "2395"]

1.c4 e6 2.Nf3 d5 3.g3 c6 4.b3 b5 5.Qc2 Nf6 6.Bg2 Be7 7.O-O O-O 8.d3 Na6 9.Bb2 Bd7
10.Nbd2 Qb6 11.e4 Rfd8 12.a3 Rac8 13.Rab1 Be8 14.e5 Ng4 15.d4 c5 16.h3 Nh6
17.dxc5 Nxc5 18.b4 Nd7 19.c5 Qc7 20.Nb3 f6 21.Nbd4 Nf8 22.Qe2 fxe5 23.Nxe5 Bf6
24.Rfe1 a6 25.Ng4 Nxg4 26.Nxe6 Nxe6 27.Qxe6+ Bf7 28.Qxg4 d4 29.Rbd1 Qd7 30.Qxd7 Rxd7
31.Be4 Rcd8 32.Bf5 Ra7 33.Be6 a5 34.Bc1 d3 35.Bd2 Bb2 36.bxa5 Bxa3 37.Rb1 b4
38.Bxf7+ Kxf7 39.Bxb4 d2 40.Red1 Rb7 41.Bxa3 Rxb1 42.Rxb1 d1=Q+ 43.Rxd1 Rxd1+
44.Kg2 Ra1 45.Bb4 Ra4 46.Bd2 Ke6 47.Kf3 Kd5 48.Be3 Rxa5 49.Kf4 Ra6 50.h4 Rf6+
51.Kg5 Ke4 52.h5 Kf3 53.Bd4 h6+ 54.Kh4 Rf7 55.c6 Re7 56.Kh3 Rf7 57.Kh4 Re7
58.Bc3 Rc7 59.Kh3 Ra7 60.Be5 Re7 61.Bd6 Re1 62.Kh2 Re2 63.c7 Rxf2+ 64.Kg1 Rg2+
65.Kf1 Rc2 66.Ke1 Kg4 67.Kd1 Rc6 68.Ke2 Kf5 69.Ke3  1/2-1/2

[Event "Budapest FS10 IM-A"]
[Site "Budapest"]
[Date "1993.??.??"]
[Round "8"]
[White "Farago, Sandor"]
[Black "Estrada Nieto, Julian"]
[Result "1-0"]
[WhiteElo "2375"]
[BlackElo "2230"]

1.c4 e6 2.Nf3 d5 3.b3 c5 4.Bb2 Nc6 5.g3 Nf6 6.Bg2 Be7 7.O-O O-O 8.e3 d4 9.exd4 cxd4
10.d3 Ne8 11.Na3 f6 12.Nc2 e5 13.a3 a5 14.Bc1 Nc7 15.Bd2 Na6 16.b4 axb4 17.axb4 Bf5
18.b5 Bxd3 19.bxc6 Bxf1 20.cxb7 Bxg2 21.bxa8=Q Qxa8 22.Kxg2 e4 23.Nfxd4 e3+
24.Kg1 exd2 25.Qxd2 Qc8 26.Qe2 Re8 27.Qe6+ Qxe6 28.Nxe6 Nc5 29.Nc7 Rc8 30.Nd5 Bf8
31.Nce3 Nd3 32.Ra7 Bc5 33.Rb7 Ra8 34.Rb3 Ne5 35.Kg2 Ra2 36.g4 Rd2 37.Kg3 Rd4
38.Rb8+ Kf7 39.Rb7+ Kg8 40.Rc7 Nd3 41.Ne7+ Kf8 42.N7f5 Re4 43.Rc8+ Kf7 44.Rd8 Nb2
45.Rd5 Na4 46.Nd6+ Bxd6+ 47.Rxd6 Nc5 48.Rc6 Ne6 49.Ra6 Re5 50.Ra7+ Kf8 51.Nd5 Re1
52.f4 Rg1+ 53.Kf3 Rh1 54.f5 Ng5+ 55.Kg2 Rc1 56.Rc7 Rc2+ 57.Kg3 Ne4+ 58.Kf4 Nf2
59.Ne3 Rc3 60.h4 Nd3+ 61.Kf3 Ne5+ 62.Ke4 Ra3 63.g5 Rc3 64.c5 Kg8 65.h5 Rc1
66.g6 hxg6 67.fxg6 Kf8 68.Nf5 Re1+ 69.Kd5 Nxg6 70.hxg6 Re5+ 71.Kd6  1-0

[Event "Budapest FS09 GM"]
[Site "Budapest"]
[Date "1993.??.??"]
[Round "13"]
[White "Schwarz, Michael"]
[Black "Lukacs, Peter"]
[Result "1/2-1/2"]
[WhiteElo "2405"]
[BlackElo "2485"]

1.c4 e6 2.Nf3 d5 3.g3 dxc4 4.Qa4+ Nd7 5.Bg2 Nf6 6.O-O a6 7.Qxc4 b5 8.Qc2 Bb7
9.a4 c5 10.d3 Be7 11.axb5 axb5 12.Rxa8 Bxa8 13.Na3  1/2-1/2

[Event "Buenos Aires op1"]
[Site "Buenos Aires"]
[Date "1993.??.??"]
[Round "7"]
[White "Giardelli, Sergio C"]
[Black "Tanner, Pedro"]
[Result "1-0"]
[WhiteElo "2425"]
[BlackElo "2170"]

1.c4 e6 2.Nf3 d5 3.g3 c6 4.b3 Nf6 5.Bg2 Bd6 6.Bb2 Nbd7 7.d4 b6 8.O-O O-O
9.Nc3 Ba6 10.Nd2 e5 11.cxd5 c5 12.Nce4 Qe7 13.Nxd6 Qxd6 14.dxe5 Nxe5 15.Rc1 Rad8
16.Nc4 Nxc4 17.bxc4 Rfe8 18.Re1 Ng4 19.Qa4 Bb7 20.h3 Nh6 21.e4 f6 22.f4 Nf7
23.Re3 Rd7 24.Rce1 Rde7 25.Qa3 a5 26.Qc3 h5 27.e5  1-0

[Event "Buenos Aires Najdorf op"]
[Site "Buenos Aires"]
[Date "1993.??.??"]
[Round "7"]
[White "Mendez, Ernesto"]
[Black "Bertona, Fernando"]
[Result "1/2-1/2"]
[WhiteElo "2385"]
[BlackElo "2320"]

1.c4 e6 2.Nf3 d5 3.g3 Nf6 4.Bg2 dxc4 5.Qa4+ Bd7 6.Qxc4 Bc6 7.O-O Nbd7 8.b3 Be7
9.Bb2 O-O 10.Qc2 a5 11.Nc3 Nb6 12.e4 a4 13.Rad1 axb3 14.axb3 Bb4 15.Ne5 Be8
16.d4 Nfd7 17.Nd3 Be7 18.Nf4 Qc8 19.e5 c6 20.Be4 f5 21.exf6 Nxf6 22.Bg2 Nbd5
23.Nd3 Bg6 24.Qd2 Nb4 25.Nxb4 Bxb4 26.Ra1  1/2-1/2